000 00592nam a22001577a 4500
005 20141028102451.0
008 141028b xxu||||| |||| 00| 0 eng d
020 _a971584359X
050 _aQA 303
_b.An532 2004
245 _aAnalytic geometry and calculus I :
_ba worktext for math 26 /
_cEditors Genaro A. Cuaresma, Jean O. Loyola, Ma. Cristeta N. Cuaresma.
260 _aLos BaƱos, Philippines :
_bC&E Publishing Inc.,
_c2004.
300 _a150 pages :
_billustration ;
_c26 cm.
440 _aUPLB Math Series.
_vVolume 3
650 _aAnalytic
_xGeometry
_xCalculus.
942 _2lcc
_cBK
_kFIL
999 _c276693
_d276693